Statistics for New Zealand Rugby All Blacks - World Cup Final Substitutes

Click here to take the quiz!

General Stats

  • This quiz has been taken 63 times
  • The average score is 12 of 16

Answer Stats

YearPlayer% Correct
2015Beauden Barrett
96%
2011Sonny Bill Williams
96%
2011Stephen Donald
92%
2011Ali WIlliams
88%
2015Tawera Kerr-Barlow
85%
2011Andy Ellis
83%
2015Ben Franks
83%
2015Keven Mealamu
83%
1995Marc Ellis
83%
2015Sam Cane
83%
2011Andrew Hore
79%
2015Charlie Faumuina
75%
2015Victor Vito
65%
1995Richard Loe
52%
1995Jamie Joseph
46%
1995Ant Strachan
29%

Score Distribution

Percentile by Number Answered

Percent of People with Each Score

Your Score History

You have not taken this quiz